000 00400nam a2200157Ia 4500
008 240729s9999 xx 000 0 und d
022 _a2523-3254
245 0 _aJournal of Cotton Research
260 _aUnited Kingdom
260 _bBMC
650 _a Plant culture
650 _aAgriculture
856 _uhttps://doaj.org/toc/db597ace37f542229a5ad8a927ef387d
942 _2ddc
942 _cDOAJEJ
999 _c65547
_d65547
945 _a1
_bMadushi Gamage
_c1
_dMadushi Gamage